000 00898cam a2200265 4500
008 000000n2000 000 0 eng u
020 _a0130200638
035 _a(Sirsi) u103748
041 _aeng.
050 _a332.63240973
_c18
100 _aBrown, Gerald R.
245 _aReal estate investment
_ba capital market approach
260 _aHarlow
_bPearson Education Ltd
_c2000
300 _a724p.
_c24cm.
350 _a37.99
520 _aAimed primarily at students on both undergraduate and postgraduate courses in property investment or finance and MBA real estate specialists. This text is also of interest to fund managers, property researchers and professional investment valuers.
650 _aCASH FLOW
650 _aPORTFOLIOS
650 _aECONOMICS
650 _aREAL ESTATE
650 _aFINANCE
690 _aINVESTMENT
700 _aMatysiak, George
942 _n0
999 _c100154
_d100154